000 00450nam a2200193Ia 4500
008 240509s9999 xx 000 0 und d
020 _a9788120334281
041 _aEng
082 _a004.36
082 _bP61
100 _aPRABHU, C.S.R.:
245 0 _aGRID AND CLUSTER COMPUTING
260 _bINDIA : PRENTICE HALL
260 _c2008
300 _a240 p.
650 _aGRID COMPUTING : CLUSTER COMPUTING
942 _2ddc
942 _cRBK
999 _c23212
_d23212
945 _a1
_bMadushi Gamage
_c1
_dMadushi Gamage